00622nam a22001937a 450000500170000001000260001702000360004303500130007903500170009203700190010903700130012808200110014110000190015224500790017126000350025027000630028530000300034850000500037820150701142811.0 aBAC-EN21 ENG-111863 a9780143422891 (part-ll)c499.00 aEN-95395 aB-580954-966 bAakar/Venadpl bDBAD/PUB a954.01 aEraly, Abraham aThe first spring :cby Abraham Eralybculture in the golden age of India / c2014aNew DelhibPenguin Books a11, Community Centre, Panchsheel Park, bNew Delhie110017 c24cm(pbk)aPt.2(vi,461p.) aIncludes bibliographical references and index